| 000 | 00647nam a2200253Ia 4500 | ||
|---|---|---|---|
| 003 | OSt | ||
| 005 | 20221006144038.0 | ||
| 006 | a|||||r|||| 00| 0 | ||
| 007 | ta | ||
| 008 | 221006b |||||||| |||| 00| 0 eng d | ||
| 020 |
_c _65.00 |
||
| 024 | _a10,733 | ||
| 037 | _cTextual | ||
| 040 |
_aEASL _cEASL _beng |
||
| 041 |
_2eng _aeng |
||
| 082 | _aW691.41.N90, N1 | ||
| 100 | _aKNIGHT Nick | ||
| 245 | 0 | _aLi Da and marxist philosophy in China | |
| 260 |
_aBoulder _bWestview Press _c1991 |
||
| 300 |
_a326p. _ccm. |
||
| 490 | _v CEL | ||
| 942 |
_hW691.41.N90, N1 _cTEXL _2CC |
||
| 999 |
_c1078819 _d1078819 |
||